|
|
|
|
| LEADER |
03507njm a2200757 i 4500 |
| 001 |
001615323 |
| 003 |
CZ BrMZK |
| 005 |
20210216094017.0 |
| 007 |
sd fsngnnmmned |
| 008 |
180206p20182016xr mdnng dfh n cze |
| 024 |
1 |
|
|a 099925423728
|
| 028 |
0 |
1 |
|a SU 4237-2
|b Supraphon
|
| 040 |
|
|
|a BOA001
|b cze
|e rda
|
| 041 |
0 |
|
|d cze
|e cze
|d eng
|e fre
|e ger
|g cze
|g eng
|g fre
|g ger
|
| 043 |
|
|
|a e-xr---
|
| 045 |
|
|
|a x-x-
|
| 048 |
|
|
|b va01
|b ca01
|
| 048 |
|
|
|b cb01
|b sa01
|a ka01
|
| 048 |
|
|
|a ca01
|
| 048 |
|
|
|a cb01
|a sa01
|
| 048 |
|
|
|a ca01
|
| 048 |
|
|
|a ca01
|
| 072 |
|
7 |
|x Vokální hudba
|a 784
|2 Konspekt
|9 9
|
| 080 |
|
|
|a 784.15
|9 fd
|2 MRF
|
| 080 |
|
|
|a (086.76)
|2 MRF
|
| 100 |
1 |
|
|a Martinů, Bohuslav,
|d 1890-1959
|7 jk01080381
|4 cmp
|
| 245 |
1 |
0 |
|a Madrigals /
|c Martinů
|
| 264 |
|
1 |
|a Praha :
|b Supraphon,
|c 2018
|
| 264 |
|
4 |
|c ℗2018
|
| 300 |
|
|
|a 1 CD audio (59:37) ;
|c 12 cm
|
| 306 |
|
|
|a 005937
|
| 336 |
|
|
|a hraná hudba
|b prm
|2 rdacontent
|
| 337 |
|
|
|a audio
|b s
|2 rdamedia
|
| 338 |
|
|
|a audiodisk
|b sd
|2 rdacarrier
|
| 344 |
|
|
|a digital
|b optical
|g stereo
|2 rda
|
| 347 |
|
|
|a audio soubor
|b CD audio
|2 rda
|
| 382 |
|
|
|a soprán
|n 1
|a smíšený sbor
|n 1
|s 2
|
| 382 |
|
|
|b ženský sbor
|n 1
|b housle
|n 1
|a klavír
|n 1
|s 3
|
| 382 |
|
|
|a smíšený sbor
|n 1
|s 1
|
| 382 |
|
|
|a ženský sbor
|n 1
|a housle
|n 1
|s 2
|
| 382 |
|
|
|a smíšený sbor
|n 1
|s 1
|
| 382 |
|
|
|a smíšený sbor
|n 1
|s 1
|
| 500 |
|
|
|a Název z disku
|
| 500 |
|
|
|a Technika záznamu DDD
|
| 500 |
|
|
|a Informace o interpretech a hudbě a texty skladeb vícejazyčně (65 stran) v pouzdru
|
| 505 |
0 |
|
|a Madrigaly, H 380 (1959) : pro soprán sólo a smíšený sbor a cappella (10:08) -- Petrklíč, H 348 (1954) : pro ženský sbor, housle a klavír (6:29) -- České madrigaly, H 278 (1939) : pro smíšený sbor a cappella (17:34) -- Tři písně posvátné, H 339 (1951) : pro ženský sbor a housle (9:34) -- Čtyři písně o Marii, H 235 (1934) : pro smíšený sbor a cappella (10:17) -- Pět českých madrigalů, H 321 (1948) : pro smíšený sbor a cappella (5:16)
|
| 511 |
1 |
|
|a Grazyna Biernot, soprán ; Jakub Fišer, housle ; Karel Košárek, klavír ; Martinů Voices, Lukáš Vasilek, dirigent
|
| 518 |
|
|
|o Nahráno
|d březen 2016 - leden 2017
|p Sál Martinů HAMU, Praha
|
| 648 |
|
7 |
|a 20. století
|7 ch460558
|
| 650 |
0 |
7 |
|a madrigaly
|7 ph122535
|z Česko
|y 20. století
|2 czenas
|
| 655 |
|
7 |
|a kompaktní disky
|7 fd201991
|2 czenas
|
| 700 |
1 |
|
|a Biernot, Grazyna
|4 sng
|
| 700 |
1 |
|
|a Vasilek, Lukáš,
|d 1980-
|7 ola2002145064
|4 cnd
|
| 700 |
1 |
|
|a Fišer, Jakub,
|d 1986-
|7 mzk2013756712
|4 itr
|
| 700 |
1 |
|
|a Košárek, Karel,
|d 1967-
|7 jn20011018284
|4 itr
|
| 700 |
1 |
2 |
|i Obsahuje (dílo):
|a Martinů, Bohuslav,
|d 1890-1959.
|t Madrigaly,
|m smíšené hlasy
|n (1959)
|7 aun2018990870
|
| 700 |
1 |
2 |
|i Obsahuje (dílo):
|a Martinů, Bohuslav,
|d 1890-1959.
|t Petrklíč
|7 aun2008443598
|
| 700 |
1 |
2 |
|i Obsahuje (dílo):
|a Martinů, Bohuslav,
|d 1890-1959.
|t České madrigaly
|n (1939)
|7 aun2011623914
|
| 700 |
1 |
2 |
|i Obsahuje (dílo):
|a Martinů, Bohuslav,
|d 1890-1959.
|t Písně posvátné
|7 aun2011624008
|
| 700 |
1 |
2 |
|i Obsahuje (dílo):
|a Martinů, Bohuslav,
|d 1890-1959.
|t Písně o Marii
|7 aun2011623969
|
| 700 |
1 |
2 |
|i Obsahuje (dílo):
|a Martinů, Bohuslav,
|d 1890-1959.
|t České madrigaly
|n (1948)
|7 aun2011622945
|
| 710 |
2 |
|
|a Martinů Voices (pěvecký sbor)
|7 kn20131021009
|4 itr
|
| 910 |
|
|
|a BOA001
|b CDR-1400.510
|
| 990 |
|
|
|a AV
|
| 991 |
|
|
|b 201804
|
| 996 |
6 |
|
|b 2610734561
|c CDR-1400.510
|l MZK
|r Sklad / do 24 hodin
|n 0
|p p.v.
|w 001651103
|u 000010
|a 1
|e BOA001
|j MZK50
|s P
|